[Event "Porto Sant Elpidio op 18th"]
[Site "Porto Sant Elpidio"]
[Date "2015.11.29"]
[Round "5"]
[White "Pocognoli, Gianfranco"]
[Black "Cappella, Leonardo"]
[Result "0-1"]
[WhiteElo "1752"]
[BlackElo "1512"]
[PlyCount "96"]
[EventDate "2015.11.21"]
[EventType "swiss"]
[EventRounds "6"]
[EventCountry "ITA"]
[SourceTitle "EXT 2018"]
[Source "ChessBase"]
[SourceDate "2017.10.13"]
[SourceVersion "1"]
[SourceVersionDate "2017.10.13"]
[SourceQuality "1"]

1. d4 d5 2. e3 Nf6 3. f4 c5 4. c3 Nc6 5. Nf3 e6 6. Bd3 Bd6 7. Qe2 0-0 8. 0-0 b6 9. g3 Bb7 10. Nbd2 Ne7 11. Ne5 Ne4 12. Qg2 f6 13. Ng4 Qc8 14. Nf2 Nxd2 15. Bxd2 c4 16. Bc2 f5 17. Qh3 b5 18. g4 a5 19. Kh1 b4 20. Rg1 Rf6 21. gxf5 exf5 22. Rg5 h6 23. Rg2 Qf8 24. Rag1 Bc8 25. Rxg7+ Qxg7 26. Rxg7+ Kxg7 27. Qh5 Be6 28. Be1 Rb8 29. Nh3 bxc3 30. Bxc3 Bb4 31. Bxb4 axb4 32. Qd1 Ra8 33. Bb1 Bd7 34. Ng1 Rc6 35. Qe1 c3 36. bxc3 bxc3 37. Nf3 c2 38. Bxc2 Rxc2 39. Qg3+ Kh7 40. Qh4 Re8 41. Qf6 Rc1+ 42. Kg2 Rg8+ 43. Kh3 Rg7 44. Ne5 Re1 45. Kh4 Rxe3 46. h3 Bb5 47. Ng6 Nxg6+ 48. Kh5 Be2# 0-1

[Event "Porto Sant Elpidio op 18th"]
[Site "Porto Sant Elpidio"]
[Date "2015.11.21"]
[Round "1"]
[White "Cappella, Leonardo"]
[Black "Iori, Massimiliano"]
[Result "1/2-1/2"]
[WhiteElo "1512"]
[BlackElo "1891"]
[PlyCount "61"]
[EventDate "2015.11.21"]
[EventType "swiss"]
[EventRounds "6"]
[EventCountry "ITA"]
[SourceTitle "EXT 2018"]
[Source "ChessBase"]
[SourceDate "2017.10.13"]
[SourceVersion "1"]
[SourceVersionDate "2017.10.13"]
[SourceQuality "1"]

1. d4 Nf6 2. c4 e6 3. Nf3 b6 4. a3 Bb7 5. Nc3 d5 6. Bg5 Be7 7. Qc2 0-0 8. e3 a6 9. Bd3 Nbd7 10. cxd5 exd5 11. Rc1 c5 12. 0-0 c4 13. Be2 b5 14. Kh1 Qc7 15. Bf4 Bd6 16. Bxd6 Qxd6 17. Ng1 Rfe8 18. Bf3 Nf8 19. Nge2 Ng6 20. g3 h5 21. Nf4 Nxf4 22. gxf4 Bc8 23. Rg1 Bg4 24. Bxg4 hxg4 25. Rg2 Kf8 26. Rcg1 Ke7 27. f3 gxf3 28. Rxg7 Rg8 29. Rxg8 Rxg8 30. Rxg8 Nxg8 31. Qf2 1/2-1/2